[Event "April 9 Late 2024"]
[Site "Chess.com"]
[Date "2024.04.09"]
[Round "10"]
[White "Kostiukov, Alexandr"]
[Black "Almeida Junior, Alvaro Alves de"]
[Result "1-0"]
[Board "89"]
[WhiteFideId "14108100"]
[BlackFideId "2149974"]
[WhiteElo "2262"]
[BlackElo "2403"]
[WhiteTeam "UKR"]
[BlackTeam "BRA"]
[WhiteClock "0:00:09"]
[BlackClock "0:00:00"]
[Variant "Standard"]

1. g3 {[%clk 0:03:00]}  Nf6 {[%clk 0:02:45]} 2. c4 {[%clk 0:02:59]}  e6 {[%clk 0:02:17]} 3. Bg2 {[%clk 0:02:59]}  d5 {[%clk 0:02:16]} 4. Nf3 {[%clk 0:02:59]}  Be7 {[%clk 0:02:17]} 5. O-O {[%clk 0:02:59]}  O-O {[%clk 0:02:17]} 6. d4 {[%clk 0:02:55]}  dxc4 {[%clk 0:02:18]} 7. Ne5 {[%clk 0:02:55]}  Nc6 {[%clk 0:02:18]} 8. Nxc6 {[%clk 0:02:53]}  bxc6 {[%clk 0:02:19]} 9. e3 {[%clk 0:02:50]}  Rb8 {[%clk 0:02:15]} 10. Qc2 {[%clk 0:02:48]}  c5 {[%clk 0:02:15]} 11. dxc5 {[%clk 0:02:39]}  Bxc5 {[%clk 0:02:14]} 12. Qxc4 {[%clk 0:02:38]}  Qe7 {[%clk 0:02:15]} 13. b3 {[%clk 0:02:32]}  Qd6 {[%clk 0:02:07]} 14. Qc2 {[%clk 0:02:25]}  Rd8 {[%clk 0:02:07]} 15. Bb2 {[%clk 0:02:18]}  Ba6 {[%clk 0:02:07]} 16. Rc1 {[%clk 0:02:13]}  Bb6 {[%clk 0:01:20]} 17. Bxf6 {[%clk 0:02:12]}  gxf6 {[%clk 0:01:19]} 18. Nc3 {[%clk 0:02:11]}  Bd3 {[%clk 0:01:16]} 19. Qb2 {[%clk 0:02:10]}  Qe5 {[%clk 0:01:13]} 20. Na4 {[%clk 0:01:45]}  Qxb2 {[%clk 0:01:03]} 21. Nxb2 {[%clk 0:01:46]}  f5 {[%clk 0:00:57]} 22. Nc4 {[%clk 0:01:41]}  Bxc4 {[%clk 0:00:55]} 23. Rxc4 {[%clk 0:01:42]}  Rd2 {[%clk 0:00:55]} 24. b4 {[%clk 0:01:35]}  Rbd8 {[%clk 0:00:54]} 25. a4 {[%clk 0:01:27]}  a5 {[%clk 0:00:51]} 26. bxa5 {[%clk 0:01:13]}  Bxa5 {[%clk 0:00:50]} 27. Bf3 {[%clk 0:01:05]}  Rb2 {[%clk 0:00:48]} 28. g4 {[%clk 0:00:51]}  Rdd2 {[%clk 0:00:47]} 29. Rf1 {[%clk 0:00:51]}  fxg4 {[%clk 0:00:43]} 30. Bxg4 {[%clk 0:00:52]}  Bb6 {[%clk 0:00:42]} 31. Bh5 {[%clk 0:00:46]}  Kg7 {[%clk 0:00:28]} 32. Rg4+ {[%clk 0:00:42]}  Kf8 {[%clk 0:00:19]} 33. Rg3 {[%clk 0:00:23]}  Ra2 {[%clk 0:00:10]} 34. Rf3 {[%clk 0:00:17]}  f5 {[%clk 0:00:10]} 35. e4 {[%clk 0:00:17]}  Ke7 {[%clk 0:00:04]} 36. exf5 {[%clk 0:00:17]}  exf5 {[%clk 0:00:05]} 37. Rxf5 {[%clk 0:00:18]}  Rxa4 {[%clk 0:00:05]} 38. Rf7+ {[%clk 0:00:17]}  Ke6 {[%clk 0:00:06]} 39. Rxh7 {[%clk 0:00:14]}  Kf6 {[%clk 0:00:04]} 40. h3 {[%clk 0:00:12]}  Raa2 {[%clk 0:00:03]} 41. Rf7+ {[%clk 0:00:11]}  Kg5 {[%clk 0:00:04]} 42. Bg4 {[%clk 0:00:10]}  c5 {[%clk 0:00:04]} 43. Rf5+ {[%clk 0:00:10]}  Kg6 {[%clk 0:00:04]} 44. Re5 {[%clk 0:00:09]}  Rab2 {[%clk 0:00:03]} 45. Re6+ {[%clk 0:00:10]}  Kg5 {[%clk 0:00:02]} 46. Kg2 {[%clk 0:00:10]}  c4 {[%clk 0:00:03]} 47. Kg3 {[%clk 0:00:10]}  Rxf2 {[%clk 0:00:03]} 48. Re5+ {[%clk 0:00:08]}  Kg6 {[%clk 0:00:03]} 49. Rxf2 {[%clk 0:00:08]}  Bxf2+ {[%clk 0:00:03]} 50. Kf3 {[%clk 0:00:09]}  Be1 {[%clk 0:00:04]} 51. Rc5 {[%clk 0:00:08]}  c3 {[%clk 0:00:04]} 52. h4 {[%clk 0:00:08]}  Rf2+ {[%clk 0:00:04]} 53. Ke3 {[%clk 0:00:08]}  Rh2 {[%clk 0:00:05]} 54. h5+ {[%clk 0:00:08]}  Kh6 {[%clk 0:00:05]} 55. Kf3 {[%clk 0:00:07]}  Rf2+ {[%clk 0:00:05]} 56. Ke3 {[%clk 0:00:07]}  Rg2 {[%clk 0:00:04]} 57. Kf3 {[%clk 0:00:08]}  Rg3+ {[%clk 0:00:05]} 58. Kf4 {[%clk 0:00:08]}  Rg1 {[%clk 0:00:03]} 59. Rc6+ {[%clk 0:00:09]}  Kg7 {[%clk 0:00:03]} 60. h6+ {[%clk 0:00:09]}  Kh7 {[%clk 0:00:04]} 61. Bf5+ {[%clk 0:00:09]}  Kh8 {[%clk 0:00:03]} 62. h7 {[%clk 0:00:09]}  Bd2+ {[%clk 0:00:02]} 63. Ke4 {[%clk 0:00:09]}  Bh6 {[%clk 0:00:00]} 64. Rc8+ {[%clk 0:00:09]} 1-0

[Event "April 9 Late 2024"]
[Site "Chess.com"]
[Date "2024.04.10"]
[Round "10"]
[White "Tang, Benjamin"]
[Black "Mei, Austin"]
[Result "0-1"]
[Board "92"]
[WhiteFideId "30964342"]
[BlackFideId "30948479"]
[WhiteTitle "FM"]
[BlackTitle "FM"]
[WhiteElo "2301"]
[BlackElo "2484"]
[WhiteTeam "USA"]
[BlackTeam "USA"]
[WhiteClock "0:00:00"]
[BlackClock "0:00:35"]
[Variant "Standard"]

1. e4 {[%clk 0:03:00]}  Nf6 {[%clk 0:03:00]} 2. e5 {[%clk 0:03:01]}  Nd5 {[%clk 0:03:01]} 3. c4 {[%clk 0:03:00]}  Nb6 {[%clk 0:03:01]} 4. d4 {[%clk 0:03:01]}  d6 {[%clk 0:03:01]} 5. f4 {[%clk 0:03:01]}  dxe5 {[%clk 0:03:01]} 6. fxe5 {[%clk 0:03:02]}  Nc6 {[%clk 0:03:02]} 7. Be3 {[%clk 0:03:01]}  Bf5 {[%clk 0:03:02]} 8. Nc3 {[%clk 0:03:00]}  e6 {[%clk 0:03:03]} 9. Nf3 {[%clk 0:03:00]}  Be7 {[%clk 0:03:03]} 10. Be2 {[%clk 0:03:00]}  O-O {[%clk 0:03:04]} 11. O-O {[%clk 0:03:01]}  f6 {[%clk 0:03:04]} 12. exf6 {[%clk 0:02:50]}  Bxf6 {[%clk 0:03:05]} 13. Qd2 {[%clk 0:02:34]}  Qd7 {[%clk 0:03:05]} 14. Rad1 {[%clk 0:02:31]}  Rad8 {[%clk 0:03:05]} 15. Kh1 {[%clk 0:02:26]}  Qe8 {[%clk 0:03:05]} 16. Bg1 {[%clk 0:02:24]}  Rf7 {[%clk 0:03:05]} 17. Qe3 {[%clk 0:02:21]}  Rfd7 {[%clk 0:03:04]} 18. d5 {[%clk 0:02:07]}  exd5 {[%clk 0:03:03]} 19. Qxe8+ {[%clk 0:02:07]}  Rxe8 {[%clk 0:03:04]} 20. cxd5 {[%clk 0:02:07]}  Nb4 {[%clk 0:02:59]} 21. Nd4 {[%clk 0:02:00]}  N4xd5 {[%clk 0:02:12]} 22. Nxd5 {[%clk 0:01:37]}  Rxd5 {[%clk 0:02:09]} 23. Bf3 {[%clk 0:01:21]}  Be4 {[%clk 0:02:04]} 24. Rfe1 {[%clk 0:01:11]}  Rde5 {[%clk 0:02:03]} 25. Bxe4 {[%clk 0:00:58]}  Rxe4 {[%clk 0:02:03]} 26. Rxe4 {[%clk 0:00:59]}  Rxe4 {[%clk 0:02:03]} 27. Nb5 {[%clk 0:01:00]}  Re2 {[%clk 0:01:42]} 28. Nxc7 {[%clk 0:00:51]}  Rxb2 {[%clk 0:01:40]} 29. Bxb6 {[%clk 0:00:37]}  axb6 {[%clk 0:01:36]} 30. a4 {[%clk 0:00:36]}  Ra2 {[%clk 0:01:32]} 31. Nd5 {[%clk 0:00:32]}  Rxa4 {[%clk 0:01:24]} 32. Nxb6 {[%clk 0:00:32]}  Ra1 {[%clk 0:01:21]} 33. Rxa1 {[%clk 0:00:31]}  Bxa1 {[%clk 0:01:22]} 34. g3 {[%clk 0:00:23]}  Bd4 {[%clk 0:01:22]} 35. Nc4 {[%clk 0:00:19]}  b5 {[%clk 0:01:22]} 36. Nd2 {[%clk 0:00:20]}  Kf7 {[%clk 0:01:21]} 37. Nb3 {[%clk 0:00:21]}  Be5 {[%clk 0:01:17]} 38. Kg2 {[%clk 0:00:21]}  Ke6 {[%clk 0:01:17]} 39. Kf3 {[%clk 0:00:22]}  Kd5 {[%clk 0:01:18]} 40. Ke3 {[%clk 0:00:22]}  Kc4 {[%clk 0:01:16]} 41. Nd2+ {[%clk 0:00:23]}  Kc3 {[%clk 0:01:14]} 42. Ne4+ {[%clk 0:00:22]}  Kc2 {[%clk 0:01:13]} 43. Nc5 {[%clk 0:00:19]}  b4 {[%clk 0:01:13]} 44. Ke4 {[%clk 0:00:19]}  Bd6 {[%clk 0:01:12]} 45. Na4 {[%clk 0:00:18]}  b3 {[%clk 0:01:09]} 46. Kd5 {[%clk 0:00:18]}  Bb8 {[%clk 0:01:09]} 47. Ke6 {[%clk 0:00:18]}  b2 {[%clk 0:01:06]} 48. Nxb2 {[%clk 0:00:18]}  Kxb2 {[%clk 0:01:07]} 49. Kf7 {[%clk 0:00:18]}  Be5 {[%clk 0:01:07]} 50. g4 {[%clk 0:00:17]}  Kc3 {[%clk 0:01:07]} 51. h4 {[%clk 0:00:18]}  h6 {[%clk 0:01:00]} 52. Kg6 {[%clk 0:00:14]}  Kd4 {[%clk 0:00:57]} 53. g5 {[%clk 0:00:14]}  hxg5 {[%clk 0:00:56]} 54. Kxg5 {[%clk 0:00:13]}  Ke4 {[%clk 0:00:38]} 55. h5 {[%clk 0:00:13]}  Bf4+ {[%clk 0:00:38]} 56. Kg6 {[%clk 0:00:12]}  Bh6 {[%clk 0:00:39]} 57. Kh7 {[%clk 0:00:06]}  Kf5 {[%clk 0:00:38]} 58. Kg8 {[%clk 0:00:05]}  Kg5 {[%clk 0:00:39]} 59. Kh8 {[%clk 0:00:06]}  Kxh5 {[%clk 0:00:40]} 60. Kh7 {[%clk 0:00:00]}  g5 {[%clk 0:00:35]} 0-1

[Event "April 9 Late 2024"]
[Site "Chess.com"]
[Date "2024.04.09"]
[Round "10"]
[White "Cardozo Munar, Carlos Eduardo"]
[Black "Belmonte, Diego Mariano"]
[Result "0-1"]
[Board "95"]
[WhiteFideId "4409477"]
[BlackFideId "105856"]
[WhiteTitle "FM"]
[BlackTitle "FM"]
[WhiteElo "2235"]
[BlackElo "2435"]
[WhiteTeam "COL"]
[BlackTeam "ARG"]
[WhiteClock "0:00:00"]
[BlackClock "0:00:06"]
[Variant "Standard"]

1. e4 {[%clk 0:02:46]}  Nf6 {[%clk 0:02:59]} 2. e5 {[%clk 0:02:46]}  Nd5 {[%clk 0:03:00]} 3. c4 {[%clk 0:02:46]}  Nb6 {[%clk 0:03:00]} 4. c5 {[%clk 0:02:47]}  Nd5 {[%clk 0:03:00]} 5. Nc3 {[%clk 0:02:48]}  e6 {[%clk 0:02:56]} 6. Qg4 {[%clk 0:02:47]}  Nc6 {[%clk 0:02:41]} 7. d4 {[%clk 0:02:44]}  f5 {[%clk 0:02:15]} 8. Qd1 {[%clk 0:02:31]}  Nxc3 {[%clk 0:02:06]} 9. bxc3 {[%clk 0:02:32]}  d6 {[%clk 0:02:06]} 10. cxd6 {[%clk 0:02:28]}  cxd6 {[%clk 0:02:06]} 11. exd6 {[%clk 0:02:28]}  Bxd6 {[%clk 0:02:04]} 12. Nf3 {[%clk 0:02:29]}  O-O {[%clk 0:02:04]} 13. Bc4 {[%clk 0:02:27]}  Na5 {[%clk 0:02:00]} 14. Qe2 {[%clk 0:02:26]}  Nxc4 {[%clk 0:01:59]} 15. Qxc4 {[%clk 0:02:27]}  Bd7 {[%clk 0:01:52]} 16. O-O {[%clk 0:02:26]}  Rc8 {[%clk 0:01:50]} 17. Qb3 {[%clk 0:02:26]}  Qc7 {[%clk 0:01:42]} 18. Bd2 {[%clk 0:02:24]}  Qc4 {[%clk 0:01:30]} 19. Qxb7 {[%clk 0:02:19]}  Bb5 {[%clk 0:01:05]} 20. a4 {[%clk 0:01:49]}  Bc6 {[%clk 0:00:57]} 21. Qb1 {[%clk 0:01:26]}  Rf6 {[%clk 0:00:44]} 22. Ne1 {[%clk 0:01:19]}  Rg6 {[%clk 0:00:36]} 23. f3 {[%clk 0:01:19]}  h5 {[%clk 0:00:21]} 24. Qd3 {[%clk 0:01:17]}  Bd5 {[%clk 0:00:18]} 25. Qxc4 {[%clk 0:01:15]}  Bxc4 {[%clk 0:00:18]} 26. Rf2 {[%clk 0:01:16]}  h4 {[%clk 0:00:18]} 27. Nc2 {[%clk 0:01:09]}  Rb8 {[%clk 0:00:17]} 28. Ne3 {[%clk 0:01:07]}  Bd3 {[%clk 0:00:16]} 29. c4 {[%clk 0:01:01]}  h3 {[%clk 0:00:16]} 30. g3 {[%clk 0:01:00]}  f4 {[%clk 0:00:16]} 31. c5 {[%clk 0:00:42]}  fxe3 {[%clk 0:00:15]} 32. Bxe3 {[%clk 0:00:43]}  Bc7 {[%clk 0:00:14]} 33. Rd2 {[%clk 0:00:39]}  Bc4 {[%clk 0:00:14]} 34. Kf2 {[%clk 0:00:28]}  Bd5 {[%clk 0:00:14]} 35. a5 {[%clk 0:00:19]}  a6 {[%clk 0:00:13]} 36. f4 {[%clk 0:00:15]}  Rb5 {[%clk 0:00:13]} 37. Rc2 {[%clk 0:00:12]}  Rf6 {[%clk 0:00:12]} 38. Rcc1 {[%clk 0:00:10]}  Rf8 {[%clk 0:00:12]} 39. Rcb1 {[%clk 0:00:10]}  Rfb8 {[%clk 0:00:12]} 40. Rxb5 {[%clk 0:00:11]}  Rxb5 {[%clk 0:00:12]} 41. Bd2 {[%clk 0:00:12]}  Kf7 {[%clk 0:00:11]} 42. Ke3 {[%clk 0:00:12]}  Ke7 {[%clk 0:00:11]} 43. Ra3 {[%clk 0:00:12]}  Kd7 {[%clk 0:00:12]} 44. g4 {[%clk 0:00:12]}  Kc6 {[%clk 0:00:12]} 45. f5 {[%clk 0:00:13]}  exf5 {[%clk 0:00:10]} 46. gxf5 {[%clk 0:00:14]}  Bxh2 {[%clk 0:00:10]} 47. Kf2 {[%clk 0:00:13]}  Bg2 {[%clk 0:00:10]} 48. Rd3 {[%clk 0:00:08]}  Bc7 {[%clk 0:00:09]} 49. d5+ {[%clk 0:00:08]}  Kxc5 {[%clk 0:00:08]} 50. Be3+ {[%clk 0:00:08]}  Kc4 {[%clk 0:00:08]} 51. Rd4+ {[%clk 0:00:08]}  Kc3 {[%clk 0:00:08]} 52. Kg1 {[%clk 0:00:08]}  Bxa5 {[%clk 0:00:07]} 53. Rh4 {[%clk 0:00:07]}  Bb6 {[%clk 0:00:06]} 54. Bxb6 {[%clk 0:00:07]}  Rxb6 {[%clk 0:00:07]} 55. Rg4 {[%clk 0:00:06]}  Rb7 {[%clk 0:00:07]} 56. d6 {[%clk 0:00:06]}  Rd7 {[%clk 0:00:07]} 57. Kh2 {[%clk 0:00:06]}  a5 {[%clk 0:00:06]} 58. Rg3+ {[%clk 0:00:01]}  Kb4 {[%clk 0:00:05]} 59. Rg4+ {[%clk 0:00:01]}  Kb5 {[%clk 0:00:06]} 60. Rg3 {[%clk 0:00:01]}  a4 {[%clk 0:00:06]} 61. Rd3 {[%clk 0:00:01]}  Kb4 {[%clk 0:00:06]} 62. Rd4+ {[%clk 0:00:02]}  Kb3 {[%clk 0:00:06]} 63. Rd3+ {[%clk 0:00:02]}  Kc4 {[%clk 0:00:06]} 64. Ra3 {[%clk 0:00:02]}  Kb4 {[%clk 0:00:06]} 65. Rg3 {[%clk 0:00:02]}  a3 {[%clk 0:00:06]} 66. Rg4+ {[%clk 0:00:03]}  Kb3 {[%clk 0:00:06]} 67. Rg3+ {[%clk 0:00:03]}  Kb2 {[%clk 0:00:06]} 68. Rg4 {[%clk 0:00:03]}  a2 {[%clk 0:00:06]} 69. Rxg2+ {[%clk 0:00:00]}  hxg2 {[%clk 0:00:06]} 0-1

[Event "April 9 Late 2024"]
[Site "Chess.com"]
[Date "2024.04.09"]
[Round "10"]
[White "Shevchuk, Olexandr"]
[Black "Yushko, Olga"]
[Result "1-0"]
[Board "96"]
[WhiteFideId "14113775"]
[BlackFideId "14114500"]
[BlackTitle "WFM"]
[WhiteElo "2424"]
[BlackElo "2250"]
[WhiteTeam "UKR"]
[BlackTeam "UKR"]
[WhiteClock "0:00:09"]
[BlackClock "0:00:25"]
[Variant "Standard"]

1. d4 {[%clk 0:03:00]}  e6 {[%clk 0:02:58]} 2. c4 {[%clk 0:02:56]}  Nf6 {[%clk 0:02:58]} 3. Nf3 {[%clk 0:02:56]}  d5 {[%clk 0:02:58]} 4. g3 {[%clk 0:02:56]}  Be7 {[%clk 0:02:55]} 5. Bg2 {[%clk 0:02:57]}  O-O {[%clk 0:02:55]} 6. O-O {[%clk 0:02:57]}  c6 {[%clk 0:02:56]} 7. Nc3 {[%clk 0:02:57]}  Nbd7 {[%clk 0:02:55]} 8. Qd3 {[%clk 0:02:56]}  b6 {[%clk 0:02:51]} 9. e4 {[%clk 0:02:55]}  dxe4 {[%clk 0:02:51]} 10. Nxe4 {[%clk 0:02:55]}  Nxe4 {[%clk 0:02:50]} 11. Qxe4 {[%clk 0:02:55]}  Bb7 {[%clk 0:02:51]} 12. Ne5 {[%clk 0:02:44]}  Qc7 {[%clk 0:02:43]} 13. Bf4 {[%clk 0:02:39]}  Nf6 {[%clk 0:02:41]} 14. Qf3 {[%clk 0:02:37]}  Bd6 {[%clk 0:02:38]} 15. Rfe1 {[%clk 0:02:17]}  Rad8 {[%clk 0:02:31]} 16. c5 {[%clk 0:02:14]}  Bxe5 {[%clk 0:02:30]} 17. Bxe5 {[%clk 0:02:13]}  Qd7 {[%clk 0:02:20]} 18. Bxf6 {[%clk 0:01:48]}  gxf6 {[%clk 0:02:21]} 19. Rad1 {[%clk 0:01:48]}  f5 {[%clk 0:02:19]} 20. Qf4 {[%clk 0:01:44]}  Qe7 {[%clk 0:02:15]} 21. b4 {[%clk 0:01:43]}  Qf6 {[%clk 0:02:09]} 22. Qc7 {[%clk 0:01:36]}  Ba8 {[%clk 0:02:01]} 23. cxb6 {[%clk 0:01:31]}  axb6 {[%clk 0:02:00]} 24. Qxb6 {[%clk 0:01:29]}  Rb8 {[%clk 0:01:58]} 25. Qc5 {[%clk 0:01:29]}  Rb5 {[%clk 0:01:57]} 26. Qc4 {[%clk 0:01:26]}  Rfb8 {[%clk 0:01:55]} 27. a3 {[%clk 0:01:25]}  f4 {[%clk 0:01:54]} 28. Bxc6 {[%clk 0:01:17]}  fxg3 {[%clk 0:01:54]} 29. hxg3 {[%clk 0:01:15]}  Rh5 {[%clk 0:01:53]} 30. Bxa8 {[%clk 0:01:09]}  Rxa8 {[%clk 0:01:51]} 31. Qc6 {[%clk 0:01:06]}  Rd8 {[%clk 0:01:47]} 32. Qe4 {[%clk 0:00:48]}  Rdd5 {[%clk 0:01:39]} 33. Kg2 {[%clk 0:00:43]}  Rdf5 {[%clk 0:01:33]} 34. f3 {[%clk 0:00:36]}  Rhg5 {[%clk 0:01:05]} 35. Rh1 {[%clk 0:00:29]}  Qg7 {[%clk 0:01:05]} 36. g4 {[%clk 0:00:26]}  Rd5 {[%clk 0:01:04]} 37. Kf2 {[%clk 0:00:24]}  Kf8 {[%clk 0:01:02]} 38. Rxh7 {[%clk 0:00:19]}  Qf6 {[%clk 0:00:59]} 39. Rh3 {[%clk 0:00:19]}  Ke7 {[%clk 0:00:55]} 40. Ke3 {[%clk 0:00:18]}  Rg6 {[%clk 0:00:53]} 41. Rc1 {[%clk 0:00:15]}  Qg5+ {[%clk 0:00:52]} 42. Qf4 {[%clk 0:00:14]}  Qxf4+ {[%clk 0:00:49]} 43. Kxf4 {[%clk 0:00:15]}  Rxd4+ {[%clk 0:00:50]} 44. Ke3 {[%clk 0:00:16]}  Rd5 {[%clk 0:00:48]} 45. Rc7+ {[%clk 0:00:15]}  Kf6 {[%clk 0:00:46]} 46. Rh7 {[%clk 0:00:15]}  Re5+ {[%clk 0:00:44]} 47. Kf2 {[%clk 0:00:15]}  Rg7 {[%clk 0:00:44]} 48. Rxg7 {[%clk 0:00:14]}  Kxg7 {[%clk 0:00:44]} 49. a4 {[%clk 0:00:15]}  Rd5 {[%clk 0:00:43]} 50. b5 {[%clk 0:00:15]}  Rd4 {[%clk 0:00:43]} 51. a5 {[%clk 0:00:14]}  Rd5 {[%clk 0:00:43]} 52. Rb7 {[%clk 0:00:13]}  Kf6 {[%clk 0:00:42]} 53. a6 {[%clk 0:00:13]}  Rd2+ {[%clk 0:00:42]} 54. Kg3 {[%clk 0:00:14]}  Ra2 {[%clk 0:00:41]} 55. a7 {[%clk 0:00:14]}  Ke5 {[%clk 0:00:42]} 56. b6 {[%clk 0:00:14]}  f6 {[%clk 0:00:36]} 57. Rb8 {[%clk 0:00:15]}  f5 {[%clk 0:00:33]} 58. gxf5 {[%clk 0:00:12]}  exf5 {[%clk 0:00:34]} 59. f4+ {[%clk 0:00:12]}  Kd4 {[%clk 0:00:32]} 60. a8=Q {[%clk 0:00:11]}  Re2 {[%clk 0:00:30]} 61. Qa4+ {[%clk 0:00:10]}  Kc3 {[%clk 0:00:25]} 62. Rc8+ {[%clk 0:00:09]} 1-0

[Event "April 9 Late 2024"]
[Site "Chess.com"]
[Date "2024.04.09"]
[Round "10"]
[White "Sena, Juan"]
[Black "Ferriz Barrios, Andres"]
[Result "1/2-1/2"]
[Board "100"]
[WhiteFideId "6400272"]
[BlackFideId "5104467"]
[BlackTitle "FM"]
[WhiteElo "2196"]
[BlackElo "2330"]
[WhiteTeam "DOM"]
[BlackTeam "MEX"]
[WhiteClock "0:00:04"]
[BlackClock "0:00:51"]
[Variant "Standard"]

1. e4 {[%clk 0:02:54]}  c5 {[%clk 0:02:57]} 2. Nf3 {[%clk 0:02:53]}  Nc6 {[%clk 0:02:57]} 3. d4 {[%clk 0:02:52]}  cxd4 {[%clk 0:02:58]} 4. Nxd4 {[%clk 0:02:53]}  e6 {[%clk 0:02:59]} 5. Nc3 {[%clk 0:02:51]}  Nf6 {[%clk 0:02:59]} 6. f4 {[%clk 0:02:48]}  Bc5 {[%clk 0:02:56]} 7. Nxc6 {[%clk 0:02:44]}  bxc6 {[%clk 0:02:53]} 8. Bd3 {[%clk 0:02:42]}  Qb6 {[%clk 0:02:46]} 9. Qe2 {[%clk 0:02:41]}  Bd4 {[%clk 0:02:43]} 10. e5 {[%clk 0:02:26]}  Nd5 {[%clk 0:02:40]} 11. Ne4 {[%clk 0:02:25]}  O-O {[%clk 0:02:34]} 12. c3 {[%clk 0:02:23]}  Bc5 {[%clk 0:02:33]} 13. Nxc5 {[%clk 0:02:07]}  Qxc5 {[%clk 0:02:34]} 14. Qe4 {[%clk 0:01:59]}  f5 {[%clk 0:02:32]} 15. Qc4 {[%clk 0:01:43]}  Qxc4 {[%clk 0:02:23]} 16. Bxc4 {[%clk 0:01:44]}  a5 {[%clk 0:02:23]} 17. Bd2 {[%clk 0:01:27]}  Nb6 {[%clk 0:02:21]} 18. Bb3 {[%clk 0:01:22]}  a4 {[%clk 0:02:18]} 19. Bc2 {[%clk 0:01:21]}  Ba6 {[%clk 0:02:19]} 20. b3 {[%clk 0:01:11]}  axb3 {[%clk 0:02:00]} 21. axb3 {[%clk 0:01:12]}  Bb5 {[%clk 0:01:57]} 22. Kf2 {[%clk 0:01:07]}  c5 {[%clk 0:01:45]} 23. c4 {[%clk 0:01:06]}  Bc6 {[%clk 0:01:45]} 24. Ra5 {[%clk 0:01:02]}  Rxa5 {[%clk 0:01:40]} 25. Bxa5 {[%clk 0:01:03]}  Nc8 {[%clk 0:01:36]} 26. Ra1 {[%clk 0:00:55]}  d6 {[%clk 0:01:36]} 27. Bc7 {[%clk 0:00:53]}  dxe5 {[%clk 0:01:35]} 28. Bxe5 {[%clk 0:00:52]}  Rd8 {[%clk 0:01:29]} 29. Ke3 {[%clk 0:00:46]}  Nd6 {[%clk 0:01:26]} 30. Rd1 {[%clk 0:00:42]}  Nf7 {[%clk 0:01:24]} 31. Rxd8+ {[%clk 0:00:39]}  Nxd8 {[%clk 0:01:25]} 32. Bd6 {[%clk 0:00:38]}  Nb7 {[%clk 0:01:24]} 33. Be5 {[%clk 0:00:33]}  Bxg2 {[%clk 0:01:24]} 34. b4 {[%clk 0:00:21]}  cxb4 {[%clk 0:01:16]} 35. Kd4 {[%clk 0:00:20]}  Bc6 {[%clk 0:01:12]} 36. c5 {[%clk 0:00:20]}  Kf7 {[%clk 0:01:12]} 37. Kc4 {[%clk 0:00:18]}  b3 {[%clk 0:01:08]} 38. Bxb3 {[%clk 0:00:17]}  Bd5+ {[%clk 0:01:08]} 39. Kb4 {[%clk 0:00:13]}  Bxb3 {[%clk 0:01:09]} 40. c6 {[%clk 0:00:13]}  Bd5 {[%clk 0:00:56]} 41. c7 {[%clk 0:00:13]}  Nd6 {[%clk 0:00:56]} 42. Bxd6 {[%clk 0:00:12]}  Bb7 {[%clk 0:00:57]} 43. Kc5 {[%clk 0:00:12]}  Ke8 {[%clk 0:00:56]} 44. Kb6 {[%clk 0:00:12]}  Bc8 {[%clk 0:00:56]} 45. Ka7 {[%clk 0:00:10]}  Kd7 {[%clk 0:00:57]} 46. Be5 {[%clk 0:00:08]}  g6 {[%clk 0:00:57]} 47. h4 {[%clk 0:00:07]}  h6 {[%clk 0:00:57]} 48. Kb8 {[%clk 0:00:05]}  Ba6 {[%clk 0:00:56]} 49. Bg7 {[%clk 0:00:05]}  h5 {[%clk 0:00:55]} 50. Be5 {[%clk 0:00:05]}  Bc8 {[%clk 0:00:55]} 51. Bf6 {[%clk 0:00:03]}  Ba6 {[%clk 0:00:53]} 52. Be5 {[%clk 0:00:03]}  Bc8 {[%clk 0:00:52]} 53. Bf6 {[%clk 0:00:04]}  Ba6 {[%clk 0:00:51]} 54. Be5 {[%clk 0:00:04]} 1/2-1/2

[Event "April 9 Late 2024"]
[Site "Chess.com"]
[Date "2024.04.09"]
[Round "10"]
[White "Saim, Mohamed Ilias"]
[Black "Andrew D Green"]
[Result "0-1"]
[Board "103"]
[WhiteFideId "7900465"]
[BlackFideId "2401762"]
[WhiteTitle "FM"]
[BlackTitle "CM"]
[WhiteElo "2054"]
[BlackElo "2301"]
[WhiteTeam "ALG"]
[BlackTeam "SCO"]
[WhiteClock "0:00:44"]
[BlackClock "0:01:03"]
[Variant "Standard"]

1. d4 {[%clk 0:03:00]}  Nf6 {[%clk 0:02:55]} 2. Nf3 {[%clk 0:02:59]}  g6 {[%clk 0:02:55]} 3. c4 {[%clk 0:02:59]}  Bg7 {[%clk 0:02:55]} 4. e3 {[%clk 0:02:58]}  O-O {[%clk 0:02:54]} 5. Be2 {[%clk 0:02:57]}  d6 {[%clk 0:02:54]} 6. Nc3 {[%clk 0:02:56]}  Nbd7 {[%clk 0:02:54]} 7. O-O {[%clk 0:02:55]}  e5 {[%clk 0:02:53]} 8. Qc2 {[%clk 0:02:54]}  Re8 {[%clk 0:02:45]} 9. Rd1 {[%clk 0:02:54]}  Qe7 {[%clk 0:02:42]} 10. b4 {[%clk 0:02:53]}  exd4 {[%clk 0:02:39]} 11. Nxd4 {[%clk 0:02:43]}  a5 {[%clk 0:02:39]} 12. Ba3 {[%clk 0:02:29]}  axb4 {[%clk 0:02:36]} 13. Bxb4 {[%clk 0:02:29]}  c5 {[%clk 0:02:28]} 14. Ndb5 {[%clk 0:02:09]}  cxb4 {[%clk 0:02:26]} 15. Nc7 {[%clk 0:02:06]}  bxc3 {[%clk 0:02:18]} 16. Nxa8 {[%clk 0:02:05]}  Nc5 {[%clk 0:01:33]} 17. Nb6 {[%clk 0:01:57]}  Bf5 {[%clk 0:01:32]} 18. Qc1 {[%clk 0:01:20]}  Qc7 {[%clk 0:01:20]} 19. Nd5 {[%clk 0:01:09]}  Nxd5 {[%clk 0:01:20]} 20. cxd5 {[%clk 0:01:10]}  c2 {[%clk 0:01:14]} 21. Rd4 {[%clk 0:01:07]}  Bxd4 {[%clk 0:01:13]} 22. exd4 {[%clk 0:01:07]}  Rxe2 {[%clk 0:01:12]} 23. dxc5 {[%clk 0:01:03]}  Qxc5 {[%clk 0:01:13]} 24. Qf1 {[%clk 0:01:00]}  Rd2 {[%clk 0:01:09]} 25. a4 {[%clk 0:00:57]}  Qxd5 {[%clk 0:01:07]} 26. a5 {[%clk 0:00:55]}  Rd1 {[%clk 0:01:06]} 27. Rc1 {[%clk 0:00:47]}  Rxf1+ {[%clk 0:01:05]} 28. Rxf1 {[%clk 0:00:48]}  Qd2 {[%clk 0:01:04]} 29. g4 {[%clk 0:00:45]}  c1=Q {[%clk 0:01:03]} 30. gxf5 {[%clk 0:00:44]}  Qg5+ {[%clk 0:01:02]} 31. Kh1 {[%clk 0:00:44]}  Qxf1# {[%clk 0:01:03]} 0-1